| 000 | 01240cam a2200313 a 4500 | ||
|---|---|---|---|
| 090 | _c10234 | ||
| 001 | 13613741 | ||
| 005 | 20040831152021.0 | ||
| 008 | 040604s2004 njua 001 0 eng | ||
| 010 | _a 2004273154 | ||
| 020 | _a0131290118 | ||
| 040 |
_aDLC _cDLC _dDLC |
||
| 050 | 0 | 0 |
_aTA405 _b.H48 2004 |
| 082 | 0 | 0 |
_a620.11 _222 _bHIB |
| 100 | 1 | _aHibbeler, R. C. | |
| 245 | 1 | 0 |
_aStatics and mechanics of materials / _cR.C. Hibbeler. |
| 250 | _a2nd ed. | ||
| 260 |
_aUpper Saddle River, N.J. : _bPearson/Prentice Hall,2004 _cc2004. |
||
| 300 |
_axiii, 785 p. : _bill. ; _c25 cm. |
||
| 500 | _a"This book represents a combined abridged version of two of the author's books, namely Engineering Mechanics : Statics, tenth edition and Mechanics of materials, fifth edition"--Pref. | ||
| 500 | _aIncludes index. | ||
| 650 | 0 | _aStrength of materials. | |
| 650 | 0 | _aStatics. | |
| 650 | 0 | _aStructural analysis (Engineering) | |
| 906 |
_a7 _bcbc _corigcop _d2 _encip _f20 _gy-gencatlg |
||
| 942 |
_2ddc _cNB |
||
| 999 |
_c10234 _d10234 |
||